<?xml version="1.0" encoding="UTF-8"?>
<record
    xmlns:xsi="http://www.w3.org/2001/XMLSchema-instance"
    xsi:schemaLocation="http://www.loc.gov/MARC21/slim http://www.loc.gov/standards/marcxml/schema/MARC21slim.xsd"
    xmlns="http://www.loc.gov/MARC21/slim">

  <leader>01771    a2200241   4500</leader>
  <controlfield tag="001">2162214035926770</controlfield>
  <controlfield tag="003">UA-OsUOA</controlfield>
  <controlfield tag="005">20260504160325.0</controlfield>
  <controlfield tag="008">260504b        un a|||| |||| 00| p ukr d</controlfield>
  <datafield tag="040" ind1=" " ind2=" ">
    <subfield code="a">UA-OsUOA</subfield>
    <subfield code="b">ukr</subfield>
    <subfield code="c">UA-OsUOA</subfield>
    <subfield code="d">UA-OsUOA</subfield>
  </datafield>
  <datafield tag="041" ind1=" " ind2=" ">
    <subfield code="a">ukr</subfield>
  </datafield>
  <datafield tag="080" ind1=" " ind2=" ">
    <subfield code="a">821.161.2</subfield>
  </datafield>
  <datafield tag="090" ind1=" " ind2=" ">
    <subfield code="a">821.161.2</subfield>
    <subfield code="b">C41</subfield>
  </datafield>
  <datafield tag="100" ind1=" " ind2=" ">
    <subfield code="a">&#x421;&#x438;&#x447; &#x41C;.</subfield>
    <subfield code="9">25168</subfield>
  </datafield>
  <datafield tag="245" ind1=" " ind2=" ">
    <subfield code="a">&#x416;&#x438;&#x442;&#x43D;&#x454; &#x441;&#x43E;&#x43D;&#x446;&#x435; </subfield>
    <subfield code="b">&#x421;&#x43E;&#x43D;&#x430;&#x442;&#x430; &#x432; &#x406;&#x406;&#x406; &#x447;&#x430;&#x441;&#x442;&#x438;&#x43D;&#x430;&#x445;</subfield>
    <subfield code="c">&#x41C;&#x438;&#x445;&#x430;&#x439;&#x43B;&#x43E; &#x421;&#x438;&#x447;</subfield>
  </datafield>
  <datafield tag="260" ind1=" " ind2=" ">
    <subfield code="a">&#x416;&#x438;&#x442;&#x43E;&#x43C;&#x438;&#x440;</subfield>
    <subfield code="b">&#x412;&#x438;&#x434;&#x430;&#x432;&#x435;&#x446;&#x44C; &#x41F;&#x41F; &#x41F;&#x430;&#x441;&#x456;&#x447;&#x43D;&#x438;&#x43A;</subfield>
    <subfield code="c">2006</subfield>
  </datafield>
  <datafield tag="300" ind1=" " ind2=" ">
    <subfield code="a">28 &#x441;.</subfield>
  </datafield>
  <datafield tag="520" ind1=" " ind2=" ">
    <subfield code="b">&#x41C;&#x438;&#x445;&#x430;&#x439;&#x43B;&#x43E; &#x421;&#x438;&#x447; &#x454; &#x43E;&#x434;&#x43D;&#x438;&#x43C; &#x437; &#x43D;&#x430;&#x439;&#x43E;&#x440;&#x438;&#x433;&#x456;&#x43D;&#x430;&#x43B;&#x44C;&#x43D;&#x456;&#x448;&#x438;&#x445; &#x43F;&#x43E;&#x435;&#x442;&#x456;&#x432; &#x416;&#x438;&#x442;&#x43E;&#x43C;&#x438;&#x442;&#x449;&#x438;&#x43D;&#x438;, &#x439;&#x43E;&#x433;&#x43E; &#x442;&#x432;&#x43E;&#x440;&#x447;&#x456;&#x441;&#x442;&#x44C; &#x43C;&#x435;&#x442;&#x430;&#x444;&#x43E;&#x440;&#x438;&#x447;&#x43D;&#x43E;&#x439; &#x43E;&#x431;&#x440;&#x430;&#x437;&#x43D;&#x43E; &#x43D;&#x430;&#x441;&#x43D;&#x430;&#x436;&#x435;&#x43D;&#x430;, &#x43D;&#x456;&#x436;&#x43D;&#x44F; &#x439; &#x43C;&#x443;&#x436;&#x43D;&#x44F;, &#x434;&#x43E;&#x431;&#x440;&#x430; &#x439; &#x43F;&#x43E;-&#x43B;&#x44E;&#x434;&#x441;&#x44C;&#x43A;&#x438; &#x442;&#x435;&#x43F;&#x43B;&#x430;.
&#x41E;&#x441;&#x43E;&#x431;&#x43B;&#x438;&#x432;&#x43E; &#x437;&#x432;&#x43E;&#x440;&#x443;&#x448;&#x43B;&#x438;&#x432;&#x43E; &#x43F;&#x438;&#x448;&#x435; &#x432;&#x456;&#x43D; &#x43F;&#x440;&#x43E; &#x43D;&#x430;&#x439;&#x440;&#x456;&#x434;&#x43D;&#x456;&#x448;&#x443; &#x432; &#x441;&#x432;&#x456;&#x442;&#x456; &#x43B;&#x44E;&#x434;&#x438;&#x43D;&#x443; - &#x43C;&#x430;&#x442;&#x456;&#x440;.
&#x41F;&#x440;&#x43E;&#x43F;&#x43E;&#x43D;&#x43E;&#x432;&#x430;&#x43D;&#x430; &#x43F;&#x43E;&#x435;&#x43C;&#x430;-&#x441;&#x43E;&#x43D;&#x430;&#x442;&#x430; "&#x416;&#x438;&#x442;&#x43D;&#x454; &#x441;&#x43E;&#x43D;&#x446;&#x435;" - &#x43F;&#x435;&#x440;&#x435;&#x43A;&#x43E;&#x43D;&#x43B;&#x438;&#x432;&#x435; &#x441;&#x432;&#x456;&#x434;&#x447;&#x435;&#x43D;&#x43D;&#x44F; &#x442;&#x43E;&#x43C;&#x443;. &#x426;&#x44F; &#x43A;&#x43D;&#x438;&#x436;&#x435;&#x447;&#x43A;&#x430; &#x441;&#x442;&#x430;&#x43D;&#x435; &#x43F;&#x440;&#x435;&#x437;&#x435;&#x43D;&#x442;&#x430;&#x431;&#x435;&#x43B;&#x44C;&#x43D;&#x43E;&#x44E; &#x43D;&#x435; &#x43B;&#x438;&#x448;&#x435; &#x434;&#x43B;&#x44F; &#x416;&#x438;&#x442;&#x43E;&#x43C;&#x438;&#x440;&#x441;&#x44C;&#x43A;&#x43E;&#x457; &#x43E;&#x440;&#x433;&#x430;&#x43D;&#x456;&#x437;&#x430;&#x446;&#x456;&#x457; &#x41D;&#x430;&#x446;&#x456;&#x43E;&#x43D;&#x430;&#x43B;&#x44C;&#x43D;&#x43E;&#x457; &#x441;&#x43F;&#x456;&#x43B;&#x43A;&#x438; &#x43F;&#x438;&#x441;&#x44C;&#x43C;&#x435;&#x43D;&#x43D;&#x438;&#x43A;&#x456;&#x432; &#x423;&#x43A;&#x440;&#x430;&#x457;&#x43D;&#x438;, &#x430; &#x439; &#x443;&#x441;&#x456;&#x454;&#x457; &#x443;&#x43A;&#x440;&#x430;&#x457;&#x43D;&#x441;&#x44C;&#x43A;&#x43E;&#x457; &#x43F;&#x43E;&#x435;&#x437;&#x456;&#x457;. &#x407;&#x407; &#x43C;&#x43E;&#x436;&#x43D;&#x430; &#x43F;&#x43E;&#x441;&#x442;&#x430;&#x432;&#x438;&#x442;&#x438; &#x432; &#x43E;&#x434;&#x438;&#x43D; &#x440;&#x44F;&#x434; &#x437; &#x442;&#x432;&#x43E;&#x440;&#x430;&#x43C;&#x438; &#x43F;&#x440;&#x43E; &#x43C;&#x430;&#x442;&#x456;&#x440; &#x411;&#x43E;&#x440;&#x438;&#x441;&#x430; &#x41E;&#x43B;&#x456;&#x439;&#x43D;&#x438;&#x43A;&#x430; ("&#x421;&#x438;&#x432;&#x430; &#x43B;&#x430;&#x441;&#x442;&#x456;&#x432;&#x43A;&#x430;") &#x442;&#x430; &#x456;&#x43D;&#x448;&#x438;&#x445; &#x432;&#x438;&#x434;&#x430;&#x442;&#x43D;&#x438;&#x445; &#x43F;&#x43E;&#x435;&#x442;&#x456;&#x432;</subfield>
  </datafield>
  <datafield tag="650" ind1=" " ind2=" ">
    <subfield code="a">82 &#x41B;&#x456;&#x442;&#x435;&#x440;&#x430;&#x442;&#x443;&#x440;&#x430;. &#x41B;&#x456;&#x442;&#x435;&#x440;&#x430;&#x442;&#x443;&#x440;&#x43E;&#x437;&#x43D;&#x430;&#x432;&#x441;&#x442;&#x432;&#x43E;</subfield>
    <subfield code="9">15</subfield>
  </datafield>
  <datafield tag="942" ind1=" " ind2=" ">
    <subfield code="c">BK</subfield>
    <subfield code="2">udc</subfield>
  </datafield>
  <datafield tag="955" ind1=" " ind2=" ">
    <subfield code="a">3</subfield>
  </datafield>
  <datafield tag="999" ind1=" " ind2=" ">
    <subfield code="c">580640</subfield>
    <subfield code="d">580640</subfield>
  </datafield>
  <datafield tag="952" ind1=" " ind2=" ">
    <subfield code="0">0</subfield>
    <subfield code="1">0</subfield>
    <subfield code="2">udc</subfield>
    <subfield code="4">0</subfield>
    <subfield code="7">0</subfield>
    <subfield code="8">C_Shevchuk_V.</subfield>
    <subfield code="a">101</subfield>
    <subfield code="b">101</subfield>
    <subfield code="d">2026-05-04</subfield>
    <subfield code="e">&#x410;&#x43A;&#x442; &#x2116;24/28.04.2026</subfield>
    <subfield code="g">15.00</subfield>
    <subfield code="i">169897</subfield>
    <subfield code="l">0</subfield>
    <subfield code="o">821.161.2 C41</subfield>
    <subfield code="p">169897</subfield>
    <subfield code="r">2026-05-04 16:05:03</subfield>
    <subfield code="v">15.00</subfield>
    <subfield code="w">2026-05-04</subfield>
    <subfield code="y">BK</subfield>
    <subfield code="z">&#x417; &#x430;&#x432;&#x442;&#x43E;&#x433;&#x440;&#x430;&#x444;&#x43E;&#x43C; &#x430;&#x432;&#x442;&#x43E;&#x440;&#x430;</subfield>
  </datafield>
</record>
